| 000 | 00963nam a2200349 a 4500 | ||
|---|---|---|---|
| 003 | AR-BaBNM | ||
| 005 | 20251128204830.0 | ||
| 008 | 082120s2002 ||||||||||||||000 | spa|| | ||
| 020 | _a968-16-2482-3 | ||
| 040 | _cAR-BaBNM | ||
| 100 | 1 | _aBersani, Leo | |
| 245 | 0 | 0 | _aBaudelaire y Freud |
| 250 | _a1ª ed. | ||
| 260 |
_aMéxico, D.F. _bFondo de Cultura Económica _c1988 |
||
| 300 | _a193 p. | ||
| 490 | 0 |
_aBreviarios _vv. 434 |
|
| 500 | _aNotas sobre la introducción y cada uno de los capítulos: p. 175-191 | ||
| 650 | 4 | _aLITERATURA MODERNA | |
| 650 | 4 | _aCRITICA LITERARIA | |
| 650 | 4 | _aFILOSOFIA LITERARIA | |
| 650 | 4 | _aHISTORIA LITERARIA | |
| 650 | 4 | _aINVESTIGACION LITERARIA | |
| 650 | 4 | _aLITERATURA | |
| 650 | 4 | _aPSICOLOGIA | |
| 650 | 4 | _aPSICOANALISIS | |
| 650 | 4 | _aINVESTIGACION PSICOLOGICA | |
| 651 | 4 | _aFrancia | |
| 655 | _aLITERATURA | ||
| 700 | 1 |
_aMugica Rodríguez, Cristina _etraductor |
|
| 942 | _cBK | ||
| 998 | _cEnrique | ||
| 999 |
_c8978 _d8978 |
||